00659nam a2200169Ia 4500008004100000050002000041100002600061245005400087250001800141260004400159300003500203500008200238504002900320505009400349650001000443700003600453120720s1971 mx a 000 0 spa d aGN708 bE4 1971 aEverett, Petereautor aTenisc / Peter Everett, Virginia Dumas Skillman  a9a. edición aMéxicob : Editores Asociadosc, 1971 a86 páginasb : ilustraciones aIncluye: glosario (pp. 65-68) Incluye: autopruebas y valoración (pp. 69-81) aBibliografia (pp. 83-86) aValores Historia Equipo Técnicas de participación Reglas Automejora y entrenamiento  0aTENIS aSkillman, Virginia Dumaseautor